LIBRARY & INFORMATION CENTRE, KCAET, TAVANUR

ONLINE PUBLIC ACCESS CATALOGUE (OPAC)

Collected essays in literary criticism / (Record no. 4912)

MARC details
000 -LEADER
fixed length control field 00375cam a2200145ua 4500
041 ## - LANGUAGE CODE
Language code of text/sound track or separate title eng
082 ## - DEWEY DECIMAL CLASSIFICATION NUMBER
Classification number 828.09
Item number REA/CO
100 ## - MAIN ENTRY--AUTHOR NAME
Personal name Read, Herbert .
245 ## - TITLE STATEMENT
Title Collected essays in literary criticism /
260 ## - PUBLICATION, DISTRIBUTION, ETC. (IMPRINT)
Place of publication London :
Name of publisher Faher and Faher ltd ,
Year of publication 1950.
300 ## - PHYSICAL DESCRIPTION
Number of Pages 381 ; .
942 ## - ADDED ENTRY ELEMENTS (KOHA)
Koha item type Books
Holdings
Withdrawn status Lost status Damaged status Home library Current library Date acquired Full call number Accession Number Koha item type
Withdrawn     KAUAET Sanskrit University 07/04/2012 828.09 REA/CO 11723 Books
free website counter